Olympiakos squad basket 2024-2025 - Statistics

General Stats
  • This quiz has been taken 46 times
  • The average score is 14 of 19
Answer Stats
Hint Answer % Correct
#0 thomas walkup
97%
coach giorgos bartzokas
94%
#14 sasha vezenkov
94%
#16 kostas papanikolaou
90%
#33 nikola milutinov
90%
#94 evan fournier
84%
#5 giannoulis larentzakis
84%
#10 moustapha fall
84%
#22 tyler dorsey
84%
#25 alec peters
81%
#2 moses wright
77%
#77 shaquille mckissic
77%
#1 williams goss
77%
#3 naz mitrou long
65%
#8 luca vildoza
61%
#12 keenan evans
55%
#20 stefanos spartalis
39%
assistant coach christos pappas
26%
#31 nathan mensha
3%
No matching quizzes found
Score Distribution
Percent of People with Each Score
Percentile by Number Answered
Your Score History
You have not taken this quiz